Paroles : Drag me Down - One Direction - Statistiques

Statistiques générales
  • Ce quiz a été pris 564 fois
    562 depuis la dernière actualisation
  • Le résultat moyen est 261 sur 326
Statistiques - réponses
Réponse % Correct
no
98%
a
97%
me
96%
down
95%
drag
95%
I
95%
you
94%
You
94%
nobody
92%
Nobody
92%
the
92%
The
92%
my
91%
can
89%
got
89%
All
87%
be
87%
not
87%
so
87%
dark
86%
fire
86%
life
86%
for
85%
I've
84%
of
84%
your
83%
by
82%
I'm
82%
never
82%
easy
81%
else
81%
heart
81%
scared
81%
one
80%
stood
79%
baby
77%
Baby
77%
look
76%
see
76%
reason
75%
behind
74%
soul
73%
you're
73%
ever
72%
only
72%
And
71%
When
70%
have
69%
love
69%
was
68%
can't
67%
sun
67%
With
67%
lights
66%
nothing
66%
these
65%
blind
64%
If
64%
river
64%
they
63%
to
60%
who
60%
it
58%
boat
57%
someone
57%
left
56%
best
54%
didn't
54%
You've
51%
man
50%
would
50%
his
49%
how
49%
yeah
48%
seen
47%
could
46%
there
45%
taught
39%
I'd
37%
shell
32%
that
29%
Aucun quiz correspondant
Distribution des résultats
% des personnes avec chaque résultat
Percentile par nombre de réponses
Votre historique - résultats
Vous n’avez pas pris ce quiz depuis la dernière actualisation